| 000 | 00431pab a2200157 454500 | ||
|---|---|---|---|
| 008 | 180718b2006 xxu||||| |||| 00| 0 eng d | ||
| 100 | _aGunn, Christopher | ||
| 245 | _aCooperatives and market failure: workers' cooperatives and system mismatch | ||
| 260 | _c2006 | ||
| 300 | _ap.343-54. | ||
| 362 | _aSummer | ||
| 650 | _aWorkers | ||
| 650 | _aCooperatives | ||
| 773 | _aReview of Radical Political Economics | ||
| 909 | _a71877 | ||
| 999 |
_c71877 _d71877 |
||